Common Sayings: Missing 'J' Words Quiz Stats

 Plays Quiz Updated Jan 29, 2018

Challenge
Share
Tweet
Embed
Score 0/30 Timer 04:00
0 Plays Today
% Correct
judge
95%
jar
94.9%
join
94.5%
just
94.4%
judgment
94%
jail
93.8%
journey
93.2%
jack
92.8%
juices
92.7%
jaws
92.5%
Jesus
92.4%
justifies
92.2%
jumping
92.1%
jungle
91.8%
job
91.6%
% Correct
justice
90.1%
jealous
89.7%
jog
89.7%
jury
89.4%
joy
89.2%
John
89%
joke
88.5%
jam
87.3%
juggling
84.9%
Joe
83.6%
jelly
82.4%
jets
82.1%
jug
82%
July
75.2%
January
74%

You're not logged in!

Compare scores with friends on all Sporcle quizzes.
Join for Free
OR
Log In

You Might Also Like...

Show Comments

Extras

Top Quizzes Today


Score Distribution

Your Account Isn't Verified!

In order to create a playlist on Sporcle, you need to verify the email address you used during registration. Go to your Sporcle Settings to finish the process.

Report this User

Report this user for behavior that violates our Community Guidelines.

Details: